Gaming Quiz

Random Gaming or Play Quiz

Wii Play games Quiz Stats

 Plays Quiz not verified by Sporcle

Also try: Speed Gaming
Challenge
Share
Tweet
Embed
Score 0/9 Timer 03:00
0 Plays Today
Game % Correct
Tanks!
72.5%
Table Tennis
70%
Find Mii
62.5%
Fishing
62.5%
Billiards
62.5%
Shooting Range
35%
Charge!
30%
Pose Mii
27.5%
Laser Hockey
27.5%

You're not logged in!

Compare scores with friends on all Sporcle quizzes.
OR
Log In

You Might Also Like...

Show Comments

Extras

Top Quizzes Today


Score Distribution

Your Account Isn't Verified!

In order to create a playlist on Sporcle, you need to verify the email address you used during registration. Go to your Sporcle Settings to finish the process.

Report this User

Report this user for behavior that violates our Community Guidelines.

Details: